Statistics for Languages Spoken by 1% of the World Population

Click here to take the quiz!

General Stats

  • This quiz has been taken 188 times
  • The average score is 15 of 20

Answer Stats

%Speakers (mill)Language% Correct
5.52365English
97%
14.1935Mandarin
97%
5.85390Spanish
97%
4.23280Arabic
93%
1.1476French
93%
3.08205Portuguese
93%
1.3992German
90%
4.46295Hindi
90%
2.42160Russian
90%
1.92125Japanese
86%
1.1476Korean
78%
3.05200Bengali
76%
1.0677Malay
73%
1.1576Vietnamese
70%
1.1070Tamil
60%
1.4495Punjabi
58%
1.2080Wu
53%
1.2582Javanese
45%
1.1275Marathi
45%
1.1676Telugu
44%

Score Distribution

Percentile by Number Answered

Percent of People with Each Score

Your Score History

You have not taken this quiz